=LDR 00000nam 2200000 4500 =001 INLIS000000000021225 =005 20130612120113 =008 ***********************************ind** =035 ##$$0010-061300000021225 =041 ##$$a ind =082 ##$$a 339 =090 ##$$a 339, SUK m =100 ##$$a Sukirno, Sadono =245 ##$$a Makro Ekonomi Teori Pengantar, Sadono Sukirno =260 ##$$a 2004 $b Jakarta =300 ##$$a xiv, 454 hlm., 25 cm =650 ##$$a Ekonomi Makro =850 ##$$a NBPNMAT =990 ##$$a 0001/BPAP-NTB/20142014 =990 ##$$a 0001/BPAP-NTB/20142014 =990 ##$$a 0001/BPAP-NTB/20142015 =990 ##$$a 0001/BPAP-NTB/2016 =990 ##$$a 0001/BPAP-NTB/2016 =990 ##$$a 24022700010 =990 ##$$a 0001/BPAP-NTB/20142014 =990 ##$$a 0001/BPAP-NTB/20142014 =990 ##$$a 0001/BPAP-NTB/20142015 =990 ##$$a 24022700010 =990 ##$$a 0001/BPAP-NTB/20142014 =990 ##$$a 0001/BPAP-NTB/20142014 =990 ##$$a 0001/BPAP-NTB/20142015